Bariéry kreativity a inovácie

Pojem kreativity. Tri hlavné skupiny bariér proti kreatívnemu mysleniu: bloky vnímania, kultúrne zábrany, emocionálne zábrany. Organizačná kreativita. Od kreativity k inovácii. Identifikácia potreby inovácie.

Na minha lista:
Detalhes bibliográficos
Autor principal: Luknič, Arnold Steve
Formato: Capítulo de Livro
Idioma:eslovaco
Assuntos:
Tags: Adicionar Tag
Sem tags, seja o primeiro a adicionar uma tag!

MARC

LEADER 00000naa a2200000 4500
001 r019372
005 20221205101549.0
041 0 |a slo 
044 |a SK 
245 1 0 |a Bariéry kreativity a inovácie  |c Arnold Luknič 
520 |a Pojem kreativity. Tri hlavné skupiny bariér proti kreatívnemu mysleniu: bloky vnímania, kultúrne zábrany, emocionálne zábrany. Organizačná kreativita. Od kreativity k inovácii. Identifikácia potreby inovácie. 
610 2 0 |a kreativita 
610 2 0 |a inovácia 
610 2 0 |a pojmy 
100 1 |a Luknič, Arnold Steve